00763nam a22002177a 450000500170000001000130001702000230003003500130005303700160006608200180008210000280010024500580012826000450018627000470023130000240027865000290030265000270033194200270035899900190038595201410040420170124110134.0 aB-061283 c295.00a8120317459 aB-061283 bCen Lib/Ret a621.3815bKUM aKumar, A. Anand 932490 aFundamental of digital circuits /cby A. Anand Kumar  aNew DelhibPrentice hall of India c2002 bNew DelhiaM-97, Connaught circus e110015 axiv,664p.c22cm(Hb) aDigital circuits 932491 aAnalog syastem 932492 2ddccENh621.3815mKUM c131691d131691 00104070aLbLd2015-07-15eCen Lib/Retg295.00l3o621.3815 KUMpB-061283r2018-09-12 00:00:00s2018-08-27t1v295.00w2015-07-15yEN